Top 10 Joueurs de tennis argentins ATP depuis 1990 - Statistiques

Statistiques générales
  • Ce quiz a été pris 27 fois
  • Le résultat moyen est 4 sur 10
Statistiques - réponses
Points Jetpunk Joueur % Correct
191 Juan Martin DEL POTRO
100%
65 Gaston GAUDIO
69%
50 Diego SCHWARTZMAN
65%
129 David NALBANDIAN
62%
87 Guillermo CORIA
62%
50 Juan MONACO
31%
55 Guillermo CANAS
23%
27 Augustin CALLERI
12%
43 Juan Ignacio CHELA
12%
27 Mariano ZABALETA
12%
Aucun quiz correspondant
Distribution des résultats
% des personnes avec chaque résultat
Percentile par nombre de réponses
Votre historique - résultats
Vous n’avez pas pris ce quiz